El saber tiene sentido : (Registro nro. 4590)
[ vista simple ]
| 000 -LEADER | |
|---|---|
| fixed length control field | 01140nam a2200277Ia 4500 |
| 003 - CONTROL NUMBER IDENTIFIER | |
| control field | OSt |
| 005 - DATE AND TIME OF LATEST TRANSACTION | |
| control field | 20200901145456.0 |
| 008 - FIXED-LENGTH DATA ELEMENTS--GENERAL INFORMATION | |
| fixed length control field | 191128s2001 ck a gr 000 0 spa d |
| 020 ## - INTERNATIONAL STANDARD BOOK NUMBER | |
| International Standard Book Number | 9586440672 |
| 040 ## - CATALOGING SOURCE | |
| Original cataloging agency | CO-JMCR |
| Transcribing agency | CO-JMCR |
| 041 0# - LANGUAGE CODE | |
| Language code of text/sound track or separate title | spa |
| 082 04 - DEWEY DECIMAL CLASSIFICATION NUMBER | |
| Classification number | 375 / |
| Item number | V331s |
| Edition number | 23 |
| 100 1# - MAIN ENTRY--PERSONAL NAME | |
| Personal name | Vasco, Carlos Eduardo, |
| Relator term | autor |
| 9 (RLIN) | 9600 |
| 245 #0 - TITLE STATEMENT | |
| Title | El saber tiene sentido : |
| Remainder of title | una propuesta de integración curricular / |
| Statement of responsibility, etc. | Carlos Eduardo Vasco, Angela Bermudez, Hernan Escobedo, [y otros 2] |
| 260 ## - PUBLICATION, DISTRIBUTION, ETC. | |
| Place of publication, distribution, etc. | Bogotá : |
| Name of publisher, distributor, etc. | Cinep, |
| Date of publication, distribution, etc. | 2001. |
| 300 ## - PHYSICAL DESCRIPTION | |
| Extent | 123 páginas : |
| Other physical details | ilustraciones a blanco y negro ; |
| Dimensions | 22 cm. |
| 504 ## - BIBLIOGRAPHY, ETC. NOTE | |
| Bibliography, etc. note | Bibliografía : páginas 123. |
| 505 0# - FORMATTED CONTENTS NOTE | |
| Formatted contents note | El problema de las visiones fragmentadas del mundo -- Fundamentación epistemológica -- Fundamentación pedagogíca -- Una perspectiva interdisiplinaria de la integración |
| 650 14 - SUBJECT ADDED ENTRY--TOPICAL TERM | |
| Topical term or geographic name entry element | Currículo |
| 9 (RLIN) | 9601 |
| 650 24 - SUBJECT ADDED ENTRY--TOPICAL TERM | |
| Topical term or geographic name entry element | Currículo |
| Geographic subdivision | Colombia |
| 9 (RLIN) | 9602 |
| 650 24 - SUBJECT ADDED ENTRY--TOPICAL TERM | |
| Topical term or geographic name entry element | Comunicación en educación |
| Geographic subdivision | Colombia |
| 9 (RLIN) | 9603 |
| 650 24 - SUBJECT ADDED ENTRY--TOPICAL TERM | |
| Topical term or geographic name entry element | Planificación educativa |
| Geographic subdivision | Colombia |
| 9 (RLIN) | 9604 |
| 700 1# - ADDED ENTRY--PERSONAL NAME | |
| Personal name | Bermudez, Angela, |
| Relator term | autora |
| 9 (RLIN) | 9605 |
| 700 1# - ADDED ENTRY--PERSONAL NAME | |
| Personal name | Escobedo, Hernan, |
| Relator term | autor |
| 9 (RLIN) | 9606 |
| 942 ## - ADDED ENTRY ELEMENTS (KOHA) | |
| Source of classification or shelving scheme | Dewey Decimal Classification |
| Koha item type | Books |
| Withdrawn status | Lost status | Source of classification or shelving scheme | Materials specified (bound volume or other part) | Damaged status | Not for loan | Home library | Current library | Shelving location | Date acquired | Total Checkouts | Total Renewals | Full call number | Barcode | Date last seen | Date last checked out | Copy number | Price effective from | Koha item type |
|---|---|---|---|---|---|---|---|---|---|---|---|---|---|---|---|---|---|---|
| Dewey Decimal Classification | Donación--15/07/2019-- | Biblioteca Pública José María del Castillo y Rada | Biblioteca Pública José María del Castillo y Rada | General Stacks | 11/28/2019 | 3 | 4 | 375 / V331s | 201809594 | 09/27/2024 | 09/25/2024 | Ej.1 | 11/28/2019 | Books |